| 000 | 00691cam a2200229 a 4500 | ||
|---|---|---|---|
| 999 |
_c3786 _d3786 |
||
| 001 | 17725 | ||
| 003 | BD-DhUAP | ||
| 005 | 20200312102351.0 | ||
| 008 | 200301s1998 bg abf b f000 0 eng | ||
| 020 | _a98470002100045 | ||
| 040 |
_aBD-DhUAP _cBD-DhUAP _dBD-DhUAP _bEng |
||
| 082 |
_a420 AMA _223 |
||
| 100 | _aAmanullah, S. M. | ||
| 245 |
_aChoosing the right collocation / _cS. M. Amanullah. |
||
| 250 | _a1st ed. | ||
| 260 |
_aDhaka : _bAlbatross, _cc2007. |
||
| 300 |
_axiv, 326 pages : _billustrations ; _c18 cm. |
||
| 504 | _aIncludes bibliographical references and index. | ||
| 650 | _aEnglish literature. | ||
| 942 |
_2ddc _cBK |
||